[Event "Ciudad Real-ch (Women)"]
[Site "Ciudad Real"]
[Date "2019.07.07"]
[Round "7.1"]
[White "Lopez Escribano, Andrea"]
[Black "Caparros Armand, M Isabel"]
[Result "1-0"]
[WhiteElo "1559"]
[BlackElo "1475"]
[PlyCount "57"]
[EventDate "2019.07.04"]
[EventType "tourn"]
[EventRounds "7"]
[EventCountry "ESP"]
[SourceTitle "EXT 2024"]
[Source "ChessBase"]
[SourceDate "2023.10.10"]
[SourceVersion "1"]
[SourceVersionDate "2023.10.10"]
[SourceQuality "1"]

1. d4 Nf6 2. Nf3 g6 3. Bf4 Bg7 4. c3 0-0 5. Nbd2 d6 6. e4 Nbd7 7. h3 b6 8. Be2 Bb7 9. Qc2 e6 10. 0-0 Qe7 11. Bg5 e5 12. Bd3 h6 13. Bh4 d5 14. exd5 Bxd5 15. Rfe1 g5 16. Bg3 g4 17. Nxe5 gxh3 18. gxh3 Nh5 19. Bh7+ Kh8 20. Ng6+ fxg6 21. Rxe7 Kxh7 22. Rxd7 Be6 23. Re7 Bxh3 24. Be5 Rf5 25. f4 Rg8 26. Kh2 Bg4 27. Rg1 Be2 28. Bxg7 Nxg7 29. Rxe2 1-0

[Event "La Mancha-ch (Women)"]
[Site "Valverde de Jucar"]
[Date "2017.07.06"]
[Round "1.2"]
[White "Lopez Escribano, Andrea"]
[Black "Talavera Sotoca, Adela"]
[Result "1/2-1/2"]
[WhiteElo "1498"]
[BlackElo "1456"]
[PlyCount "73"]
[EventDate "2017.07.06"]
[EventType "tourn"]
[EventRounds "5"]
[EventCountry "ESP"]
[SourceTitle "EXT 2024"]
[Source "ChessBase"]
[SourceDate "2023.10.10"]
[SourceVersion "1"]
[SourceVersionDate "2023.10.10"]
[SourceQuality "1"]

1. d4 d5 2. Nf3 Bg4 3. Bf4 e6 4. e3 Nd7 5. Nbd2 Ngf6 6. Be2 Bd6 7. Bg5 h6 8. Bh4 c6 9. c4 dxc4 10. Nxc4 Bb4+ 11. Ncd2 g5 12. Bg3 Ne4 13. 0-0 Nxg3 14. hxg3 Bxf3 15. Bxf3 Nf6 16. g4 Bxd2 17. Qxd2 h5 18. gxh5 g4 19. Be2 Qd5 20. f3 Qxh5 21. Kf2 Qh4+ 22. g3 Qh2+ 23. Ke1 Qxg3+ 24. Kd1 Rh2 25. Qd3 Nd5 26. Qe4 Qg2 27. Re1 0-0-0 28. Rc1 Qf2 29. fxg4 Nxe3+ 30. Kd2 Ng2 31. Rxc6+ bxc6 32. Qxc6+ Kb8 33. Qb5+ Ka8 34. Qc6+ Kb8 35. Qb5+ Ka8 36. Qc6+ Kb8 37. Qb5+ 1/2-1/2

[Event "ESP-ch U14"]
[Site "Granada"]
[Date "2016.07.11"]
[Round "1"]
[White "Lopez Escribano, Andrea"]
[Black "Alvarez Albiol, Victor"]
[Result "0-1"]
[WhiteElo "1450"]
[BlackElo "1908"]
[PlyCount "54"]
[EventDate "2016.07.11"]
[EventType "swiss"]
[EventRounds "9"]
[EventCountry "ESP"]
[SourceTitle "EXT 2024"]
[Source "ChessBase"]
[SourceDate "2023.10.10"]
[SourceVersion "1"]
[SourceVersionDate "2023.10.10"]
[SourceQuality "1"]

1. d4 Nf6 2. Nf3 c5 3. c3 Qb6 4. e3 d5 5. Bd3 Nc6 6. Nbd2 Bg4 7. Qc2 Rc8 8. 0-0 g6 9. h3 Bd7 10. b3 cxd4 11. exd4 Nb4 12. Qb1 Rxc3 13. Ne5 Nxd3 14. Nxd3 Bf5 15. Qb2 Rxd3 16. Nf3 Bg7 17. Be3 Ne4 18. g4 Bd7 19. Ne1 Rc3 20. Ng2 0-0 21. f3 Rxe3 22. Nxe3 Bxd4 23. Qh2 Bxa1 24. fxe4 Qxe3+ 25. Kh1 Qxe4+ 26. Qg2 Qxg2+ 27. Kxg2 Be5 0-1

[Event "ESP-chT Regional U14"]
[Site "Padron"]
[Date "2016.06.25"]
[Round "4.82"]
[White "Lopez Escribano, Andrea"]
[Black "Tabuenca Mendataurigoitia, Pedro"]
[Result "1-0"]
[WhiteElo "1490"]
[BlackElo "1408"]
[PlyCount "113"]
[EventDate "2016.06.23"]
[EventType "team-swiss"]
[EventRounds "6"]
[EventCountry "ESP"]
[SourceTitle "EXT 2017"]
[Source "ChessBase"]
[SourceDate "2016.10.25"]
[SourceVersion "1"]
[SourceVersionDate "2016.10.25"]
[SourceQuality "1"]
[WhiteTeam "Castilla La Mancha"]
[BlackTeam "Cantabria"]
[WhiteTeamCountry "ESP"]
[BlackTeamCountry "ESP"]

1. d4 Nf6 2. Nf3 g6 3. Bf4 Bg7 4. e3 0-0 5. h3 d6 6. Be2 Nbd7 7. 0-0 b6 8. Nbd2 Bb7 9. Re1 Re8 10. c3 e5 11. dxe5 dxe5 12. Bg3 Re7 13. Qc2 Qe8 14. Rad1 Rd8 15. Nc4 e4 16. Nd4 Nf8 17. Na3 a6 18. Rd2 Red7 19. Red1 Ne6 20. Nxe6 Qxe6 21. Bxc7 Rxd2 22. Rxd2 Rxd2 23. Qxd2 Qxa2 24. Qd8+ Bf8 25. Bd6 Nd7 26. Qxd7 Qd5 27. c4 Qxd6 28. Qxb7 Qd2 29. Bf1 Qxb2 30. c5 Qxa3 31. c6 Bd6 32. c7 Bxc7 33. Qxc7 b5 34. Qb8+ Qf8 35. Qb7 Qa3 36. Qa8+ Kg7 37. Bxb5 a5 38. Qxe4 Qa1+ 39. Kh2 Qa3 40. Qa4 Qd6+ 41. g3 Qd2 42. Qd4+ Qxd4 43. exd4 Kf6 44. Kg2 Ke6 45. Kf3 Kd5 46. Ke3 f6 47. Kd3 h6 48. Bc4+ Kd6 49. Bf7 g5 50. Ke4 Ke7 51. Ba2 h5 52. Kd5 Kd7 53. Bb3 f5 54. Ba4+ Kd8 55. Kd6 Kc8 56. Ke7 g4 57. h4 1-0

[Event "ESP-chT Regional U14"]
[Site "Padron"]
[Date "2016.06.23"]
[Round "1.42"]
[White "Lopez Escribano, Andrea"]
[Black "Casado Ramirez, Alejandro"]
[Result "0-1"]
[WhiteElo "1490"]
[BlackElo "1576"]
[PlyCount "112"]
[EventDate "2016.06.23"]
[EventType "team-swiss"]
[EventRounds "6"]
[EventCountry "ESP"]
[SourceTitle "EXT 2017"]
[Source "ChessBase"]
[SourceDate "2016.10.25"]
[SourceVersion "1"]
[SourceVersionDate "2016.10.25"]
[SourceQuality "1"]
[WhiteTeam "Castilla La Mancha"]
[BlackTeam "Andalucia"]
[WhiteTeamCountry "ESP"]
[BlackTeamCountry "ESP"]

1. d4 Nf6 2. Nf3 d5 3. Bf4 Bf5 4. e3 e6 5. c4 Bb4+ 6. Nbd2 0-0 7. Qb3 Bxd2+ 8. Nxd2 Qc8 9. Rc1 c6 10. cxd5 exd5 11. Be2 Nbd7 12. 0-0 Re8 13. Rfe1 Nf8 14. Nf3 Ne4 15. Bd3 Ng6 16. Bg3 Nxg3 17. hxg3 Bxd3 18. Qxd3 Qd7 19. Nh4 Nxh4 20. gxh4 Re6 21. g3 Rg6 22. Kh2 Re8 23. Qf1 Rf6 24. Rc2 Qg4 25. Qh3 h5 26. Qxg4 hxg4 27. Kg2 Rfe6 28. Rc3 Re4 29. f3 gxf3+ 30. Kxf3 Rxd4 31. exd4 Rxe1 32. Ra3 a6 33. Rb3 Re7 34. Kf2 f5 35. Rf3 g6 36. h5 gxh5 37. Rxf5 Rf7 38. Rxf7 Kxf7 39. Kf3 a5 40. Kf4 Kf6 41. a4 b6 42. g4 h4 43. g5+ Kg6 44. Kg4 h3 45. Kxh3 Kxg5 46. Kg3 Kf5 47. Kf3 c5 48. Ke3 Ke6 49. b3 cxd4+ 50. Kxd4 Kd6 51. Kd3 Kc5 52. Kc3 d4+ 53. Kd3 Kb4 54. Kxd4 Kxb3 55. Kd3 Kxa4 56. Kc2 b5 0-1